|
|
|
|
| LEADER |
00000nab a2200000 ar4500 |
| 001 |
vtls008962591 |
| 003 |
SK-MaSNL |
| 005 |
20260303070727.0 |
| 008 |
070320c2007 xo sr|p|||||||000 b|slo |
| 015 |
|
|
|a SNBRB2007/04
|2 snkbucl
|
| 038 |
|
|
|a SNKBUCL
|
| 040 |
|
|
|a SNKBUCL
|b slo
|c SNKBUCL
|e AACR2
|
| 041 |
0 |
|
|a slo
|
| 044 |
|
|
|a xo
|c SK
|
| 080 |
|
|
|a 336.226.1
|2 2001
|
| 100 |
1 |
|
|a Valterová, Ivana
|4 aut
|9 275283
|
| 245 |
1 |
0 |
|a Daň z príjmov zo závislej činnosti po novele zákona o dani z príjmov
|c Ivana Valterová
|
| 650 |
0 |
7 |
|a daň z príjmov
|2 snkbucl
|9 284621
|
| 650 |
0 |
7 |
|a zákony
|2 snkbucl
|9 1156
|
| 650 |
0 |
7 |
|a novelizácia
|2 snkbucl
|9 393155
|
| 773 |
0 |
|
|t Verejná správa : školy, úrady, obce, kultúra, zdravotníctvo, rozpočtové, príspevkové, neziskové organizácie
|g Č. 4 (2007), s. 20-23
|x 1337-0448
|
| 852 |
|
|
|a SNK
|b KIS3GCP
|
| 999 |
|
|
|c 1756673
|d 1758603
|